000 005630000a22001690004500
003 MACL
005 20160212155050.0
008 160212b xxu||||| |||| 00| 0 eng d
040 _aMACL
_cMACL
041 _aHindi
082 _a320
100 _aमालवीय पणिडत कृष्‍णाकान्‍त
_938018
245 _aविश्रव का राजनैतिक भविष्‍य
260 _bपणिडत रामभरोस मालवीय
_c1947
650 _aPolotical Science
_91991
942 _cHIN
_k320
_2ddc
999 _c23081
_d23081